The evolution of urban regime theory: the challenge of conceptualization (Record no. 49838)

000 -LEADER
fixed length control field 01486pab a2200169 454500
008 - FIXED-LENGTH DATA ELEMENTS--GENERAL INFORMATION
fixed length control field 180718b2001 xxu||||| |||| 00| 0 eng d
100 ## - MAIN ENTRY--PERSONAL NAME
Personal name Mossberger, Karen
245 ## - TITLE STATEMENT
Title The evolution of urban regime theory: the challenge of conceptualization
260 ## - PUBLICATION, DISTRIBUTION, ETC.
Date of publication, distribution, etc. 2001
300 ## - PHYSICAL DESCRIPTION
Extent p.810-35
362 ## - DATES OF PUBLICATION AND/OR SEQUENTIAL DESIGNATION
Dates of publication and/or sequential designation Jul
520 ## - SUMMARY, ETC.
Summary, etc. Urban regime theory came to prominence with the publication of Clarence Stone's study of Atlanta in 1989, although earlier work by Fainstein and Fainstein (1983) and Elkin (1987) has also been influential. Since then, regime analysis has been extensively used to examine urban politics both inside North America and beyond. The authors argue that the wide use of regime analysis is a recognition of its value and insights but that some applications have stretched the concept beyond its original meaning to the point that the concept itself runs the risk of becoming meaningless and a source of theoretical confusion. By sifting through the extensive literature applying regime theory, the authors reestablish the core components of the concept and identify the key fields where it has made a contribution. It is suggested that regime analysis has helped considerably in reorienting the power debate in North America and in facilitating the analysis of politics beyond the formal institutions of the government outside North America. - Reproduced
650 ## - SUBJECT ADDED ENTRY--TOPICAL TERM
Topical term or geographic name entry element Urban development
700 ## - ADDED ENTRY--PERSONAL NAME
Personal name Stoker, Gerry
773 ## - HOST ITEM ENTRY
Main entry heading Urban Affairs Review
909 ## -
-- 49838
Holdings
Withdrawn status Lost status Damaged status Not for loan Permanent Location Current Location Date acquired Serial Enumeration / chronology Barcode Date last seen Price effective from Koha item type
        Indian Institute of Public Administration Indian Institute of Public Administration 2018-07-19 Volume no: 36, Issue no: 6 AR50266 2018-07-19 2018-07-19 Articles

Powered by Koha